LEADER 01153nam a2200277 a 4500 001 000000134604 003 CaOOAMICUS 005 20130626095228.0 008 130626s1977 it u000 u ita r 040 $aPUL$bita 100 1 $aSalvatorelli, Luigi,$d1886-1974.$0(OLS)http://pul/name/203 245 10$aNazionalfascismo /$cLuigi Salvatorelli ; prefazione di Giorgio Amendola. 260 $aTorino :$bEinaudi,$cİ1977. 300 $aXXV, 124 p. ;$c20 cm 490 1 $aPiccola biblioteca Einaudi. Scienze umane. Testi ;$v320 504 $aInclude bibliografia e indici. 650 4$aFascismo$zItalia$xStoria.$0(OLS)http://pul/subject/3600 700 1 $aAmendola, Giorgio.$0(OLS)http://pul/name/27145 830 0$aPiccola biblioteca Einaudi.$pScienze umane.$pTesti ;$v320.$0(OLS)http://pul/title/166501 850 $aPUL 852 $aPUL$W1$xDP1 Fondo E. Rossi$y115$m1 S 3$j154808$qFondi$B154337$CPULBib$Z2$F154337 $82 941 1 $a1 961 $aSul dorso collocazione ms. di E. Rossi: S 2 0 996 $6245$aNazionalfascismo$9(OLS)http://pul/title/170210 996 $6260$aTorino :$bEinaudi$9(OLS)http://pul/publisher/48130 LEADER 01034nam a2200265 u 4500 001 000000072440 003 CaOOAMICUS 005 20070226122236.0 008 020617s1970 it u000 u ita u 035 $a10933637 040 $aPUL(R)$bita 100 1 $aMerton, Thomas,$cO.C.R.,$d1915-1968.$0(OLS)http://pul/name/4749 240 10$aFaith and violence.$lItaliano.$0(OLS)http://pul/title/95292 245 10$aFede, resistenza, protesta /$cThomas Merton. 250 $a2. ed. 260 $aBrescia :$bMorcelliana,$c1970. 300 $a269 p. ;$c23 cm 504 $aBibliografia in nota. 650 4$aChiesa cattolica e questioni sociali$zStati Uniti.$0(OLS)http://pul/subject/25521 850 $aPUL 852 $aPUL$W1$xDP1 Religione 1$y20$m579 H 25$j93700$nBK-PRI$b $qStampati$B93700$CPULBib$Z2$F93700 $H $81 941 1 $a8 961 $aINV: 37962 996 $6245$aFede, resistenza, protesta$9(OLS)http://pul/title/95293 996 $6260$aBrescia :$bMorcelliana$9(OLS)http://pul/publisher/47854